000 00669nam a2200241Ia 4500
003 OSt
005 20221005093241.0
006 a|||||r|||| 00| 0
007 ta
008 221004b |||||||| |||| 00| 0 eng d
024 _a18807
037 _bGift, 04/06/2015,
_cTextual
040 _aCRL
_cCRL
_beng
041 _2eng
_aeng
082 _aO111973,1:gx, J3
100 _aJarrell Randall
245 0 _aPoetry and the age
260 _aNew York
_bVintage Books USA
_c1953
300 _a246p.
_ccm.
650 _aENGLISH LITERATURE
942 _hO111973,1:gx, J3
_cTEXL
_2cc
999 _c1000072
_d1000072